Студент и научно-технический прогресс. Востоковедение: материалы 50-й юбилейной Международной научной студенческой конференции, 13-19 апреля 2012 г., г. Новосибирск

Бібліографічні деталі
Співавтори: Российская академия наук (РАН) Сибирское отделение (СО), Новосибирский государственный университет (НГУ), Студент и научно-технический прогресс Международная научная студенческая конференция
Мова:Російська
Опубліковано: Новосибирск, Изд-во НГУ, 2012
Предмети:
Формат: Книга
KOHA link:https://koha.lib.tpu.ru/cgi-bin/koha/opac-detail.pl?biblionumber=220625

MARC

LEADER 00000nam0a2200000 4500
001 220625
005 20231101230341.0
010 |a 9785443700564 
035 |a (RuTPU)RU\TPU\book\240750 
035 |a RU\TPU\book\240733 
090 |a 220625 
100 |a 20120828d2012 k y0rusy50 ca 
101 0 |a rus 
102 |a RU 
105 |a y z 101zy 
200 1 |a Студент и научно-технический прогресс. Востоковедение  |e материалы 50-й юбилейной Международной научной студенческой конференции, 13-19 апреля 2012 г., г. Новосибирск  |f Российская академия наук (РАН), Сибирское отделение (СО); Новосибирский государственный университет (НГУ) 
210 |a Новосибирск  |c Изд-во НГУ  |d 2012 
215 |a 157 с. 
320 |a Библиография в конце докладов. 
606 1 |a Востоковедение  |2 stltpush  |3 (RuTPU)RU\TPU\subj\68873  |9 83972 
610 1 |a археология 
610 1 |a история 
610 1 |a филология 
610 1 |a мифология 
610 1 |a философия 
610 1 |a культурология 
610 1 |a экономика 
610 1 |a геополитика 
610 1 |a конференции 
610 1 |a материалы конференций 
686 |a Т3(5)я431  |v LBC/SL-A  |2 rubbk 
712 0 2 |a Российская академия наук (РАН)  |b Сибирское отделение (СО)  |c (Новосибирск)  |2 stltpush  |3 (RuTPU)RU\TPU\col\25 
712 0 2 |a Новосибирский государственный университет (НГУ)  |2 stltpush  |3 (RuTPU)RU\TPU\col\721 
712 1 2 |a Студент и научно-технический прогресс  |b Международная научная студенческая конференция  |d 50  |e Новосибирск  |f 2012 
801 1 |a RU  |b 63413507  |c 20120828 
801 2 |a RU  |b 63413507  |c 20120927  |g RCR 
942 |c BK